Publishing with CD-ROM : a guide to compact disc optical storage technologies for providers of publishing services /

Bibliographic Details
Main Author: Myers, Patti
Format: Book
Language:English
Published: Westport, CT : Meckler Pub. Corp. in association with the National Composition Association, [1986]
Subjects:

MARC

Tag First Indicator Second Indicator Subfields
LEADER 00000cam a2200000 a 4500
001 in00000018566
005 20151007053259.0
008 870422s1986 ctua b 00010 eng
010 |a  87134020  
020 |a 0887361811 (pbk.) 
035 |a (OCoLC)17728835 
035 |9 AAB1066AM 
040 |a DLC  |c DLC  |d OCL  |d TXA  |d UtOrBLW 
049 |a TXAM  |c [A11084852] 
050 0 0 |a Z286.O68  |b M94 1986 
082 0 |a 070.5/0285  |2 19 
100 1 |a Myers, Patti. 
245 1 0 |a Publishing with CD-ROM :  |b a guide to compact disc optical storage technologies for providers of publishing services /  |c Patti Myers. 
264 1 |a Westport, CT :  |b Meckler Pub. Corp. in association with the National Composition Association,  |c [1986] 
264 4 |c ©1986 
300 |a 98 pages :  |b illustrations ;  |c 23 cm. 
336 |a text  |b txt  |2 rdacontent 
337 |a unmediated  |b n  |2 rdamedia 
338 |a volume  |b nc  |2 rdacarrier 
504 |a Bibliography: pages 83-84. 
650 0 |a CD-ROM publishing. 
650 0 |a Optical storage devices. 
650 0 |a Publishers and publishing  |x Technological innovations. 
650 0 |a Compact discs. 
999 |a MARS 
999 f f |s 1e17d2e5-2091-360e-926f-12328d3156c7  |i 0b577b92-5c5d-3780-8782-ec5ff04b998e  |t 0 
952 f f |p ric  |a Texas A&M University  |b Rellis Campus  |c Joint Library Facility  |d Remote Storage  |t 0  |e Z286.O68 M94 1986  |h Library of Congress classification  |i unmediated -- volume  |m A14811084852 
998 f f |a Z286.O68 M94 1986  |t 0  |l Remote Storage